| 000 | 00487nam a22001817a 4500 | ||
|---|---|---|---|
| 999 |
_c195469 _d195469 |
||
| 005 | 20230405112934.0 | ||
| 010 | _aENG-136552 | ||
| 020 |
_a9788194393511 _c190.00 |
||
| 035 | _aEN-120084 | ||
| 037 | _bDBAD/PUB | ||
| 082 | _a300.72 | ||
| 100 | _aSarvanan,V | ||
| 245 |
_aManagerial Research / _cV. Saravanan |
||
| 260 |
_aPapanasam _bG.M. Amudhan Pathippagam _c2020 |
||
| 270 |
_bPapanasam _e614203 |
||
| 300 |
_a195p; _c22cm(pbk) |
||
| 942 |
_2ddc _cEN _mSAR _h300.72 |
||